| 000 | 00729nam a2200253Ia 4500 | ||
|---|---|---|---|
| 003 | OSt | ||
| 005 | 20221005065914.0 | ||
| 006 | a|||||r|||| 00| 0 | ||
| 007 | ta | ||
| 008 | 221004b |||||||| |||| 00| 0 eng d | ||
| 020 | _a81903821X (hbk) | ||
| 024 | _a1962 | ||
| 037 |
_bGift, 16/01/2013, _cTextual |
||
| 040 |
_aCRL _cCRL _beng |
||
| 041 |
_2eng _aeng |
||
| 082 | _aX8(M7)wM81, P6 | ||
| 100 |
_aDwivedi Sharada _9278791 |
||
| 245 | 0 |
_aPremchand roychand 1831 - 1906 _b His life and times |
|
| 260 |
_aMumbai _bEminence Designs India _c2006 |
||
| 300 |
_a112p. _ccm. |
||
| 650 | _aECONOMICS | ||
| 942 |
_hX8(M7)wM81, P6 _cTEXL _2cc |
||
| 999 |
_c975399 _d975399 |
||